Statistics for Destiny the Game 4 (Gear)

Click here to take the quiz!

General Stats

  • This quiz has been taken 2,215 times
    (2,135 since last reset)
  • The average score is 29 of 36

Answer Stats

Hint Answer % Correct
1,000 Yard __________ (Weapon)Stare
99%
The 4th __________ (Weapon)Horseman
97%
__________ Juju (Weapon)Bad
96%
Helm of __________-14 (Armour)Saint
96%
No Land __________ (Weapon)Beyond
94%
No Time to __________ (Weapon)Explain
94%
Crest of __________ (Armour)Alpha Lupi
93%
Dragon's __________ (Weapon)Breath
93%
Celestial __________ (Armour)Nighthawk
92%
Touch of __________ (Weapon)Malice
92%
Zhalo __________ (Weapon)Supercell
92%
Knucklehead __________ (Armour)Radar
90%
Apotheosis __________ (Armour)Veil
90%
Pocket __________ (Weapon)Infinity
89%
Sleeper __________ (Weapon)Simulant
89%
__________ Loop (Weapon)Imago
88%
Lord of __________ (Weapon)Wolves
87%
Achlyophage __________ (Armour)Symbiote
87%
Obsidian __________ (Armour)Mind
87%
__________ Theory-D (Weapon)Conspiracy
86%
Million __________ (Shader)Million
86%
Glow__________ (Shader)Hoo
86%
Qullim's __________ (Weapon)Terminus
82%
Khepri's __________ (Armour)Sting
82%
An __________ Skullfort (Armour)Insurmountable
81%
The Impossible __________ (Armour)Machines
81%
Mask of the __________ (Armour)Third Man
80%
"Aspect of __________" (Vehicle)Glass
78%
Skyburners __________ (Armour)Annex
76%
Bitter__________ (Shader)Steel
76%
ATS/8 __________ (Armour - Helmet)Arachnid
70%
__________ Class Jumpship (Vehicle)Arcadia
65%
XV0 "__________" (Vehicle)Timebreaker
50%
Hildian __________ (Vehicle)Seeker
49%
S-13 "__________" (Vehicle)Graverobber
36%
__________ S-10 (Vehicle)Sparrow
32%

Score Distribution

Percentile by Number Answered

Percent of People with Each Score

Your Score History

You have not taken this quiz since the last reset